(NEW) VCT Players with Numbers - Statistics

General Stats
  • This quiz has been taken 242 times
  • The average score is 13 of 28
Answer Stats
Hint Answer % Correct
0 C{0M}
94%
0 s{0m}
89%
0 f{0rsakeN}
81%
0 W{o0t}
75%
1 d{4v41}
72%
4 d{4v41}
72%
0 v{o0kashu}
66%
9 F{oxy9}
62%
9 d{os9}
61%
1 v{1c}
55%
7 J{ieni7}
54%
5 D{antedeu5}
49%
4 N{4RRATE}
48%
3 t{3xture}
45%
0 o{0o0o}
40%
1 A{NGE1}
38%
1 L{uoK1ng}
31%
1 S{piritZ1}
27%
1 f{ree1ng}
26%
9 s{word9}
26%
1 F{lex1n}
24%
0 W{ild0reoo}
22%
1 K{r1stal}
21%
3 S{ugarZ3ro}
21%
1 S{hr1mp}
16%
1 K{1ra}
14%
1 M{arT1n}
14%
1 Z{1Yan}
9%
No matching quizzes found
Score Distribution
Percent of People with Each Score
Percentile by Number Answered
Your Score History
You have not taken this quiz